000 00610nam a2200241Ia 4500
003 OSt
005 20220924132541.0
006 a|||||r|||| 00| 0
007 ta
008 220923b |||||||| |||| 00| 0 san d
024 _a64319
037 _cTextual
040 _aARTS
_cARTS
_bsan
041 _2san
_asan
082 _aQ22:228, H5.2
100 _aSuri Jinal Sen
_9204524
245 0 _aHarivamsa puranam
260 _c1945
490 _aManikya Chandra Jain Granthmala; 33
650 _aRELIGION
942 _hQ22:228, H5.2
_cTEXL
_2CC
999 _c430696
_d430696